| 000 | 01273nam a2200277 i 4500 | ||
|---|---|---|---|
| 001 | 181743 | ||
| 003 | ES-MaACL | ||
| 005 | 20260217120639.0 | ||
| 008 | 130321s1922 sp a | |||||||| | spa d | ||
| 080 | _a903(460.222 Sena) | ||
| 080 | _a904(460.222 Sena) | ||
| 100 | 1 |
_aBardaviú Ponz, Vicente. _9152488 |
|
| 245 | 1 | 0 |
_aExcavaciones en Sena (Huesca) : _bmemoria que en nombre de la Real Academia de San Luis de Zaragoza, concesionaria de dichas excavaciones / _cpresenta Vicente Bardaviu. |
| 260 |
_a[S.l.] : _b[s.n.], _c1922 ( _eMadrid : _fTip. de la "Revista de Archivos") |
||
| 300 |
_a15 p., [3] h. de lám. ; _c24 cm. |
||
| 490 | 1 |
_aJunta Superior de Excavaciones y Antigüedades ; _vnº 47=nº 3, 1921-22 |
|
| 530 | _aDisponible también en sitio web. | ||
| 650 | 4 |
_aExcavaciones arqueológicas- _zSena (Huesca) _9152489 |
|
| 651 | 4 |
_aSena (Huesca)- _xRestos arqueológicos. _9152490 |
|
| 710 | 2 |
_aEspaña. _bJunta Superior de Excavaciones y Antigüedades. _9152463 |
|
| 830 | 0 |
_aJunta Superior de Excavaciones y Antigüedades ; _vnº 47=nº 3, 1921-22 _9191570 |
|
| 852 |
_aES-MaACL _jE-3371(3) _cDEPO2 |
||
| 856 | 4 |
_uhttp://bnedigital.bne.es/bd/es/card?id=3cda4c09-bbd0-4d56-bd00-847fe5cee3b1 _yIr a la página |
|
| 942 | _2udc | ||
| 999 |
_c181743 _d181743 |
||